Estadísticas para Logotipos de la Marca #3

Haz click aquí para intentar la prueba.

Estadísticas generales

  • Esta prueba ha sido intentada 582 veces
  • La puntuación promedio es 14 de 20

Estadísticas de respuestas

marca% Correcto
LG
99%
Gmail
98%
Lacoste
97%
Instagram
96%
McDonald's
96%
Mastercard
91%
Bic
89%
Motorola
83%
Gatorade
77%
SEAT
76%
Chanel
74%
Converse
67%
Knorr
63%
Kodak
61%
Wendy's
54%
Bacardi
49%
T-Mobile
38%
Lufthansa
32%
Tide
22%
Barclays
19%

Distribución de puntuación

Porcentaje por número respondido

Porcentaje de gente con cada puntuación

Historial de tus puntuaciones

No has intentado esta prueba.